000 00875cab a2200277 4500
001 ABS56978
008 090401t1997 xxu||||| |||| 00| 0 eng d
035 _a(Sirsi) u98429
041 _aeng
100 _aThresh, R.
245 _aLancashire meets transport head on
260 _c1997
350 _a0
490 _aSurveyor
_v184(5435) 8 May 1997, 21-23(3)
520 _aLancashire has completed its second Green Audit which monitors the county`s environmental, social and economic conditions, in a bid to promote sustainable development. Examines the report.
650 _aECONOMIC CONDITIONS
650 _aENVIRONMENTAL CONCERNS
650 _aGREEN AUDIT
650 _aLANCASHIRE
650 _aSOCIAL CONDITIONS
650 _aSUSTAINABLE DEVELOPMENT
650 _aTRANSPORTATION
690 _aECONOMIC AND SOCIAL
942 _n0
948 _c02/06/1997
999 _c59823
_d59823